000 01051nam a2200289 i 4500
001 000037856
003 DO-SdBNP
005 20250204143748.0
007 ta
008 130307s2011 dr c 000 0 spa d
020 _a9789945879100
040 _aDO-SdBNP
_bspa
_cBNPHU
_erda
082 4 _axxx
_bA454
_222
100 1 _aAlonso Romero, Mercedes,
_eautor
_4aut.
_96652
245 1 0 _aMáximo Gómez :
_bel viejo mambí /
_cMercedes Alonso Romero ; prólogo, Yoel Cordoví Núñez.
264 _aSanto Domingo :
_bEditora 1Casa de Cultura Latinoamericana y Caribeña,
_c2011.
300 _a139 páginas :
_bretratos ;
_c22 cm.
336 _atexto
_btxt
_2rdacontent
337 _asin mediación
_bn
_2rdamedia
338 _avolumen
_bnc
_2rdacarrier
500 _aIncluye datos biográficos de la autora en la contracubierta
500 _aIncluye referencias bibliográficas y notas al pie de las páginas
590 _aInventariado, 2024/ YL
700 1 _aCardoví Núñez, Yoel,
_eprologuista
_4pr
_964303
910 _aYLockward
942 _2ddc
_cLBS1
999 _c37346
_d37346